00272nam a2200097Ia 4500008004100000082001200041100001700053245008500070260000900155300001000164190415s9999 xx 000 0 und d aRR.0026 aRanbir Singh 0aWomen's role in the political process : Haryana Assembly elections 1977 :A study c1980 a119p.